The Specific Relief Act, (I of 1877) / (Record no. 613151)
[ view plain ]
| 000 -LEADER | |
|---|---|
| fixed length control field | 00390nam a22001337a 4500 |
| 082 ## - DEWEY DECIMAL CLASSIFICATION NUMBER | |
| Classification number | 347.5491077 |
| Author Mark | DES |
| 100 ## - MAIN ENTRY--PERSONAL NAME | |
| Personal name | Desai, T.R. |
| 245 ## - TITLE STATEMENT | |
| Title | The Specific Relief Act, (I of 1877) / |
| Statement of responsibility, etc. | T.R. Desai and Revised I.A. Bajwa |
| 260 ## - PUBLICATION, DISTRIBUTION, ETC. | |
| Place of publication, distribution, etc. | Lahore : |
| Name of publisher, distributor, etc. | Mansoor Law Book House, |
| Date of publication, distribution, etc. | 2023. |
| 300 ## - PHYSICAL DESCRIPTION | |
| Extent | 204 p. |
| 563 ## - BINDING INFORMATION | |
| Binding note | HB. |
| 650 ## - SUBJECT ADDED ENTRY--TOPICAL TERM | |
| Topical term or geographic name entry element | Law, Specific Relief Act |
| 942 ## - ADDED ENTRY ELEMENTS (KOHA) | |
| Source of classification or shelving scheme | |
| Koha item type | Book |
| 650 ## - SUBJECT ADDED ENTRY--TOPICAL TERM | |
| -- | 128127 |
| Withdrawn status | Lost status | Source of classification or shelving scheme | Damaged status | Not for loan | Permanent Location | Current Location | Date acquired | Total Checkouts | Full call number | Barcode | Date last seen | Price effective from | Koha item type | Date last checked out |
|---|---|---|---|---|---|---|---|---|---|---|---|---|---|---|
| NUST Law School (NLS) | NUST Law School (NLS) | 03/04/2025 | 347.5491077 DES | NLS-553 | 03/04/2025 | 03/04/2025 | Book | |||||||
| NUST Law School (NLS) | NUST Law School (NLS) | 03/04/2025 | 1 | 347.5491077 DES | NLS-554 | 06/02/2025 | 03/04/2025 | Book | 05/05/2025 | |||||
| NUST Law School (NLS) | NUST Law School (NLS) | 03/04/2025 | 1 | 347.5491077 DES | NLS-555 | 06/02/2025 | 03/04/2025 | Book | 05/15/2025 |
